00371nam a2200157 a 45000010005000000030009000050080041000140400028000550820012000831000017000952450027001122600033001393000010001724900016001826500015001984417CO-ViMGA141112s2004 ck r 000 u spa d aCO-ViMGAbspacCO-ViMGA04a635 K191 aKay, Daisy E10aLegumbres alimentarias aZaragoza : bAcribia, c1985 a437 p aAgricultura14aHORTALIZAS